01371 a2200193 4500001000500000005001700005008004100022003001500063040004000078080009100118245008000209020002200289264007500311300002400386505057700410100003200987700002401019856013401043428720260407155434.0260407a2010 arg spa dAR-UNSa-BCEJYS aAR-UNSa-BCEJYSbspacAR-UNSa-BCEJYS a347.836xLey de la radiodifusión. Transmisión y recepción de radiocomunicaciones10aServicios de comunicación audiovisualpRégimen legal. Derecho comparado a978-987-03-1879-8 1aBuenos Aires :bUniversidad de Buenos Aires. Facultad de Derechoc2010 axxi, 383 p.c24 cm. a1. Importancia de los medios y vías de radiodifusión en la Jurisprudencia de la Corte - 2. Servicios de radiodifusión ¿Servicios públicos o servicios de interés público? - 3. De los servicios audiovisuales - 4. La actividad de la radiodifusión como ejercicio de un derecho humano - 5. La transmisión de los derechos deportivos. titularidad de los derechos de transmisión - 6. Las productoras de contenidos. Los contratos artísticos - 7. Las industrias culturales en la legislación Argentina - 8. Nuevos Servicios convergentes de vídeo, voz y datos1 aEtcheverry, Raúl Aníbal1 aPachecoy, Susana E.41uhttps://biblioeco.unsa.edu.ar/pmb/images/libros/Servicios de comunicacion audiovisual2-l118369.jpgyImagen de portadaqimage/jpeg